| 000 | 00589nam a2200169Ia 4500 | ||
|---|---|---|---|
| 008 | 090711s9999 xx 000 0 und d | ||
| 082 | _b1950 | ||
| 100 | _aइनामदार एस. डी. | ||
| 245 | _aप्राक्तनाSो वेध | ||
| 260 |
_bकॉन्टीनेन्टल प्रकाशन _c1998 |
||
| 300 | _a310 | ||
| 600 | _aइनामदार एस. डी. | ||
| 630 | _aप्राक्तनाSो वेध | ||
| 700 | _aइनामदार एस. डी. | ||
| 730 | _aप्राक्तनाSो वेध | ||
| 942 | _cBOOK | ||
| 999 |
_c326318 _d326318 |
||